Alcances y límites de la política exterior de México / (Record no. 129921)

MARC details
000 -CABECERA
campo de control de longitud fija 00748nam a2200229 a 4500
005 - FECHA Y HORA DE LA ÚLTIMA TRANSACCIÓN
campo de control 20210223130537.0
008 - ELEMENTOS DE LONGITUD FIJA--INFORMACIÓN GENERAL
campo de control de longitud fija 080721s1976 mx r 000 0 spa d
020 ## - NÚMERO INTERNACIONAL NORMALIZADO PARA LIBROS
Número Internacional Estándar del Libro 9681200640
035 ## - NÚMERO DE CONTROL DEL SISTEMA
Número de control de sistema UPN01000157807
049 ## - COLECCIÓN
Colección UNE
080 ## - NÚMERO DE CLASIFICACIÓN DECIMAL UNIVERSAL
Número de la Clasificación Decimal Universal 327 (72) OJE No.17
100 1# - ASIENTO PRINCIPAL--NOMBRE PERSONAL
Nombre de persona Ojeda, Mario
9 (RLIN) 29769
245 #0 - MENCIÓN DE TÍTULO
Título Alcances y límites de la política exterior de México /
Mención de responsabilidad, etc. por Mario Ojeda.
260 ## - PUBLICACIÓN, DISTRIBUCIÓN, ETC.
Lugar de publicación, distribución, etc. México :
Nombre del editor, distribuidor, etc. El Colegio de México,
Fecha de publicación, distribución, etc. 1976.
300 ## - DESCRIPCIÓN FÍSICA
Extensión 220 p. :
Otras características físicas fots.
440 #0 - MENCIÓN DE SERIE/ASIENTO SECUNDARIO--TÍTULO
Título Centro de Estudios Internacionales ;
Designación de volumen o secuencia 17
500 ## - NOTA GENERAL
Nota general Incluye bibliografía
690 ## - PUNTO DE ACCESO ADICIONAL DE MATERIA LOCAL--TÉRMINO DE MATERIA (OCLC, RLIN)
Término de materia o nombre geográfico como elemento inicial Politica exterior - Mexico
690 ## - PUNTO DE ACCESO ADICIONAL DE MATERIA LOCAL--TÉRMINO DE MATERIA (OCLC, RLIN)
Término de materia o nombre geográfico como elemento inicial Mexico - Politica exterior
710 2# - ASIENTO SECUNDARIO - NOMBRE CORPORATIVO
Nombre de entidad corporativa o nombre de jurisdicción como elemento de entrada El Colegio de México.
Unidad subordinada Centro de Estudios Internacionales
905 ## - TIPO DE MATERIAL
Tipo de material UNESCO

No items available.